000 00477nam a2200181Ia 4500
003 GCL
008 140319s9999 xx 000 0 eng d
040 _aGCL /
_cGCL
082 0 4 _a519.5
_bF S
100 1 _aFRANK, HARRY
245 1 0 _aSTATISTICS CONCEPTS AND APPLICATIONS /
_cFRANK, HARRY
700 1 _aALTHOEN, STEVEN C.
260 _a[S.N] :
_bCAMBRIBGE UNIVERSITY PRESS ،
_c1994
300 _a853 P
650 0 4 _aSTATISTICS
650 0 4 _aMATHEMATICS
942 _2ddc
_cBK
999 _c19812
_d19812